Countries of Oceania in Alphabetical Order - Statistics

General Stats
  • This quiz has been taken 497 times
  • The average score is 13 of 14
Answer Stats
Hint Answer % Correct
A Australia
99%
F Fiji
96%
K Kiribati
94%
N Nauru
93%
V Vanuatu
93%
M Marshall Islands
92%
P Palau
92%
T Tuvalu
92%
S Samoa
91%
T Tonga
91%
N New Zealand
90%
S Solomon Islands
90%
F Federated States of Micronesia
85%
P Papua New Guinea
85%
No matching quizzes found
Score Distribution
Percent of People with Each Score
Percentile by Number Answered
Your Score History
You have not taken this quiz